000 00700cam a22002415i 4500
001 3434
005 20251202082907.0
020 _a708431211742
040 _aDLC
_beng
_erda
_cDLC
050 _aPZ8.G276
082 _a813.54
100 1 _aSeuss, Dr
_eauthor.
245 1 0 _aGreen eggs and ham /
_cDr. Seuss.
260 _aCalifornia :
_bLeapFrog Enterprise ,
_c2008
300 _a62 pages :
_bcolor illustrations ;
_c24 cm .
505 _aE
520 _aIn verse, Sam-I-am tells of the virtues of green eggs and ham.
521 _a210
_bLexile
521 _aE
_bRaz-Plus
650 _aeggs
_vFiction
906 _a0
_bibc
_corignew
_d2
_eepcn
_f20
_gy-gencatlg
942 _2ddc
_cBK
_n0
999 _c3434
_d3434